header

Introduction to quantum information science (Record no. 7361)

MARC details
000 -LEADER
fixed length control field 01264nam a2200349Ia 4500
001 - CONTROL NUMBER
control field ebr10271491
003 - CONTROL NUMBER IDENTIFIER
control field CaPaEBR
006 - FIXED-LENGTH DATA ELEMENTS--ADDITIONAL MATERIAL CHARACTERISTICS--GENERAL INFORMATION
fixed length control field m u
007 - PHYSICAL DESCRIPTION FIXED FIELD--GENERAL INFORMATION
fixed length control field cr cn|||||||||
008 - FIXED-LENGTH DATA ELEMENTS--GENERAL INFORMATION
fixed length control field 070117s2006 enka sb 001 0 eng d
010 ## - LIBRARY OF CONGRESS CONTROL NUMBER
Canceled/invalid LC control number 2007270101
020 ## - INTERNATIONAL STANDARD BOOK NUMBER
Cancelled/invalid ISBN 0198571194
Cancelled/invalid ISBN 0199215707
Cancelled/invalid ISBN 9780198571193
Cancelled/invalid ISBN 9780199215706
040 ## - CATALOGING SOURCE
Original cataloging agency CaPaEBR
Transcribing agency CaPaEBR
035 ## - SYSTEM CONTROL NUMBER
System control number (OCoLC)137273375
050 14 - LIBRARY OF CONGRESS CALL NUMBER
Classification number QC174.12
Item number .V43 2006eb
100 1# - MAIN ENTRY--PERSONAL NAME
Personal name Vedral, Vlatko.
245 10 - TITLE STATEMENT
Title Introduction to quantum information science
Medium [electronic resource] /
Statement of responsibility, etc Vlatko Vedral.
260 ## - PUBLICATION, DISTRIBUTION, ETC. (IMPRINT)
Place of publication, distribution, etc Oxford :
Name of publisher, distributor, etc Oxford University Press,
Date of publication, distribution, etc c2006.
300 ## - PHYSICAL DESCRIPTION
Extent x, 183 p. :
Other physical details ill.
490 1# - SERIES STATEMENT
Series statement Oxford graduate texts
504 ## - BIBLIOGRAPHY, ETC. NOTE
Bibliography, etc Includes bibliographical references and index.
533 ## - REPRODUCTION NOTE
Type of reproduction Electronic reproduction.
Place of reproduction Palo Alto, Calif. :
Agency responsible for reproduction ebrary,
Date of reproduction 2011.
Note about reproduction Available via World Wide Web.
-- Access may be limited to ebrary affiliated libraries.
650 #0 - SUBJECT ADDED ENTRY--TOPICAL TERM
Topical term or geographic name as entry element Quantum communication.
Topical term or geographic name as entry element Quantum theory.
655 #7 - INDEX TERM--GENRE/FORM
Genre/form data or focus term Electronic books.
Source of term local
710 2# - ADDED ENTRY--CORPORATE NAME
Corporate name or jurisdiction name as entry element ebrary, Inc.
830 #0 - SERIES ADDED ENTRY--UNIFORM TITLE
Uniform title Oxford graduate texts.
856 40 - ELECTRONIC LOCATION AND ACCESS
Uniform Resource Identifier <a href="http://site.ebrary.com/lib/rucke/Doc?id=10271491">http://site.ebrary.com/lib/rucke/Doc?id=10271491</a>
Public note An electronic book accessible through the World Wide Web; click to view

No items available.

© 2026 Rongo University
Contact us: librarian | system librarian | Rongo university